00939cam a2200205 4500001000500000005001700005008003900022010001600061020001500077082001200092100003500104245007400139260003100213300003500244500004200279504005100321505029000372650004100662650003000703838120181127185756.0760623s1977 nyua b 001 0 eng a 76022754 a047113726X00a615/.431 aCarstensen, Jens Thuro,d1926-10aPharmaceutics of solids and solid dosage forms /cJens T. Carstensen. aNew York :bWiley,cc1977. axiii, 256 p. :bill. ;c24 cm. a""A Wiley-Interscience publication."" aIncludes bibliographical references and index. aCONTENT:Fundamental Solids Concepts -- Micrometeorites -- Dissolution of solids -- Biopharmaceutics of solids -- Powders -- The solid dosage Forms -- Stability and dating of solid dosage forms -- Stability and dating of solid Dosage Forms -- Selected Laboratory Experiments. grt 0aChemistry, Physical and theoretical. 0aPharmaceutical chemistry.